000 00824cab a2200229 4500
001 ABS52439
008 090401t xxu||||| |||| 00| 0 eng d
035 _a(Sirsi) u78194
041 _aeng
100 _aSmith, N.C.
245 _aLegislating to reduce noise
350 _a0
490 _aArchitects` Journal
_v201(11) 16 March, 38-39(2)
520 _aReiterates that health and safety legislation governing the control of excessive noise has been in force many years prior to the CONDAM Regulations and discusses its impact on the design of buildings.
650 _aENVIRONMENTAL PROTECTION ACT 1990
650 _aHEALTH AND SAFETY AT WORK ETC ACT 1974
650 _aNOISE AT WORK REGULATIONS
650 _aNOISE POLLUTION
690 _aBUILT ENVIRONMENT-BUILDING STANDARDS
942 _n0
948 _c04/03/1997
999 _c49212
_d49212